header

Smart nanomaterials for sensor application (Record no. 190947)

MARC details
000 -LEADER
fixed length control field 01150nam a2200289 a 4500
245 00 - TITLE STATEMENT
Title Smart nanomaterials for sensor application
260 ## - PUBLICATION, DISTRIBUTION, ETC. (IMPRINT)
Place of publication Dubai, United Arab Emirates :
Name of publisher Bentham eBooks,
Year of publication [2012]
300 ## - PHYSICAL DESCRIPTION
Number of Pages ix, 178 p. :
Other physical details ill. (some col.)
650 #0 - SUBJECT ADDED ENTRY--TOPICAL TERM
Topical Term Nanostructured materials.
700 1# - ADDED ENTRY--PERSONAL NAME
Personal name Li, Songjun.
Personal name Ge, Yi.
Personal name Li, He.
856 40 - ELECTRONIC LOCATION AND ACCESS
Uniform Resource Identifier http://site.ebrary.com/lib/rucke/Doc?id=10558874

No items available.

© 2026 Rongo University
Contact us: librarian | system librarian | Rongo university